<?xml version="1.0" encoding="UTF-8"?>
<marc:record xmlns:marc="http://www.loc.gov/MARC21/slim">
   <marc:leader>00000nam a2200000 a 4500</marc:leader>
   <marc:datafield ind1=" " ind2=" " tag="653">
      <marc:subfield code="a">S||Governance</marc:subfield>
   </marc:datafield>
   <marc:datafield ind1=" " ind2=" " tag="653">
      <marc:subfield code="a">S||Globalisierung</marc:subfield>
   </marc:datafield>
   <marc:datafield ind1="0" ind2="0" tag="245">
      <marc:subfield code="a">Multi-Level-Governance</marc:subfield>
   </marc:datafield>
   <marc:datafield ind1="0" ind2="0" tag="245">
      <marc:subfield code="b">Klima-, Umwelt- und Sozialpolitik in einer interdependenten Welt</marc:subfield>
   </marc:datafield>
   <marc:datafield ind1="0" ind2="0" tag="245">
      <marc:subfield code="c">Hrsg. v. Achim Brunnengräber ...</marc:subfield>
   </marc:datafield>
   <marc:datafield ind1=" " ind2="1" tag="264">
      <marc:subfield code="a">Baden-Baden</marc:subfield>
      <marc:subfield code="b">Nomos</marc:subfield>
      <marc:subfield code="c">2007</marc:subfield>
   </marc:datafield>
   <marc:datafield ind1="1" ind2=" " tag="490">
      <marc:subfield code="a">Schriften zur Governance-forschung</marc:subfield>
      <marc:subfield code="v">9</marc:subfield>
   </marc:datafield>
   <marc:datafield ind1="1" ind2=" " tag="520">
      <marc:subfield code="a">Klimapolitik ist auch ein zentrales Thema dieses Bandes über Multi-Level-Governance. "Mehrebenenpolitik" - so die deutsche Übersetzung - bringt die Verzahnung unterschiedlicher Ebenen der Politik in der internationalen (Staaten)Welt zum Ausdruck. Sie dient als "Raster, Konzept und Theorieansatz zur Beschreibung politischer Prozesse, in denen nationalstaatliche Grenzen und Politikfelder überschritten werden, in denen staatliche wie nicht-staatliche und privatwirtschaftliche Akteure zusammenwirken, und alte wie neue Instrumente entwickelt werden." (Achim Brunnengräber, Heike Walk, S. 20).</marc:subfield>
   </marc:datafield>
   <marc:datafield ind1=" " ind2=" " tag="020">
      <marc:subfield code="a">3832927066</marc:subfield>
      <marc:subfield code="9">3832927066</marc:subfield>
   </marc:datafield>
   <marc:datafield ind1=" " ind2=" " tag="300">
      <marc:subfield code="a">349 S.</marc:subfield>
   </marc:datafield>
</marc:record>
